| 000 | 00564nam a2200193 i 4500 | ||
|---|---|---|---|
| 001 | 185778 | ||
| 003 | ES-MaACL | ||
| 005 | 20230906222521.0 | ||
| 008 | 160808q1922 gw |||| | ger d | ||
| 100 | 1 |
_aBurchard, Otto. _9160382 |
|
| 245 | 1 | 0 |
_aChinesische kleinplastik / _cOtto Burchard. |
| 260 |
_aBerlin : _bE. Wasmuth A. G., _c[1922?] |
||
| 300 |
_a10 p., 48 p. de lám. ; _c26 cm. |
||
| 490 | 1 |
_aOrbis pictus ; _v12 |
|
| 650 | 4 |
_aPorcelana china. _9153662 |
|
| 830 | 0 |
_aOrbis pictus ; _v12 _9192388 |
|
| 852 |
_aES-MaACL _jG-13366 |
||
| 999 |
_c185778 _d185778 |
||